[Event "SR 3. liga A2 2018/2019"]
[Site "?"]
[Date "2018.10.21"]
[Round "2.3"]
[White "Palka, Martin"]
[Black "Vagovsky, Jozef"]
[Result "1/2-1/2"]
[WhiteElo "1854"]
[BlackElo "1782"]
[Annotator ",Jozef"]
[PlyCount "101"]
[EventDate "2018.??.??"]

1. e4 e6 2. Qe2 c5 3. g3 Nc6 4. c3 d6 5. Bg2 Nf6 6. f4 Qc7 7. Nf3 Be7 8. O-O
O-O 9. h3 d5 10. e5 Ne4 11. Kh2 c4 12. d4 cxd3 13. Qxd3 Qb6 14. Nbd2 Nc5 15.
Qc2 a5 16. Nb3 Nxb3 17. axb3 Bd7 18. Bd2 Bc5 19. Rae1 Rfd8 20. g4 g6 21. h4
Rac8 22. Bh3 Ne7 23. f5 exf5 24. gxf5 Bxf5 25. Bxf5 Nxf5 26. Ng5 h6 27. Nf3 Be3
28. Re2 d4 29. Rg2 Bxd2 $2 30. Qxf5 dxc3 31. Nxd2 Rxd2 $4 32. Qxf7+ Kh8 33.
bxc3 Rxg2+ 34. Kxg2 Qc6+ 35. Rf3 Re8 36. Qf4 g5 37. hxg5 hxg5 $11 38. Qf5 g4
39. Qh5+ Kg7 40. Qxg4+ Qg6 41. Qxg6+ Kxg6 42. Rf6+ Kg5 43. Rb6 Rxe5 44. Rxb7
Rc5 45. b4 Rxc3 46. bxa5 Ra3 47. Rb5+ Kf4 48. Kf2 Ra2+ 49. Ke1 Ke3 50. Kd1 Kd3
51. Kc1 $11 1/2-1/2

[Event "SR 3. liga A2 2018/2019"]
[Site "?"]
[Date "2018.10.21"]
[Round "2.3"]
[White "Bohunicky, Ivan"]
[Black "Lanik, Miroslav"]
[Result "1-0"]
[WhiteElo "1896"]
[BlackElo "1850"]
[PlyCount "101"]
[EventDate "2018.??.??"]

1. d4 d5 2. c4 c6 3. Nf3 Nf6 4. Nc3 e6 5. Bg5 Nbd7 6. e3 Qa5 7. Bxf6 Nxf6 8.
Nd2 Bb4 9. Qc2 O-O 10. Bd3 h6 11. O-O Bd7 12. c5 e5 13. Nb3 Qc7 14. dxe5 Ng4
15. Nd1 Nxe5 16. a3 Nxd3 17. Qxd3 Ba5 18. Nxa5 Qxa5 19. b4 Qc7 20. Nc3 Qe5 21.
Rac1 Bf5 22. Qd4 Qxd4 23. exd4 Bd3 24. Rfe1 Rfe8 25. f3 Kf8 26. Kf2 a5 27. b5
cxb5 28. Nxd5 Rad8 29. Rxe8+ Kxe8 30. Ke3 Bc4 31. Nb6 Bb3 32. Ke4 Kf8 33. d5
Re8+ 34. Kd4 Re2 35. c6 bxc6 36. dxc6 Be6 37. g4 Rxh2 38. c7 Rf2 39. c8=Q+ Bxc8
40. Rxc8+ Ke7 41. Rc3 g6 42. Rd3 h5 43. Nd5+ Kf8 44. Ke3 Rh2 45. g5 Rg2 46. Kf4
h4 47. Ne3 Rg1 48. Rd1 Rg3 49. Rh1 b4 50. axb4 axb4 51. Rxh4 1-0

[Event "SR 3. liga A2 2018/2019"]
[Site "?"]
[Date "2018.10.21"]
[Round "2.3"]
[White "Huska, Branislav"]
[Black "Markuliak, Mario"]
[Result "1/2-1/2"]
[WhiteElo "1820"]
[BlackElo "1845"]
[Annotator ",Jozef"]
[PlyCount "62"]
[EventDate "2018.??.??"]

1. e4 e5 2. Nf3 Nc6 3. Bb5 Nf6 4. O-O Nxe4 5. d4 Nd6 6. Bxc6 dxc6 7. dxe5 Nf5
8. Qxd8+ Kxd8 9. Nc3 Be7 10. h3 h6 11. Ne4 b6 12. Rd1+ Bd7 13. c4 Kc8 14. b3
Rd8 15. Bb2 Be6 16. Rxd8+ Bxd8 17. g4 Nh4 18. Nxh4 Bxh4 19. f4 g6 20. Rf1 Kb7
21. f5 gxf5 22. gxf5 Rg8+ 23. Kh2 Bd7 24. Rf4 Bg5 25. Nxg5 Rxg5 26. f6 c5 27.
h4 Rg4 28. Rxg4 Bxg4 29. Kg3 h5 30. Kf4 Kc6 31. Kg5 Kd7 $11 1/2-1/2

[Event "SR 3. liga A2 2018/2019"]
[Site "?"]
[Date "2018.10.21"]
[Round "2.3"]
[White "Vlkovic, Pavol"]
[Black "Lauko, Tomas"]
[Result "0-1"]
[WhiteElo "1824"]
[BlackElo "1711"]
[PlyCount "75"]
[EventDate "2018.??.??"]

1. e4 c5 2. Nf3 Nc6 3. c3 e5 4. d3 d5 5. Qe2 d4 6. c4 Nf6 7. h3 a6 8. g3 b5 9.
b3 bxc4 10. bxc4 Rb8 11. Bg2 Be7 12. O-O O-O 13. Nbd2 Qa5 14. a4 Rb4 15. Ba3
Rxa4 16. Nb3 Qb6 17. Rfb1 Nd7 18. Nxc5 Rxa3 19. Rxb6 Rxa1+ 20. Kh2 Nxb6 21. Qb2
Bxc5 22. Qxa1 a5 23. Qd1 a4 24. Nh4 Bd7 25. Nf5 Ra8 26. Qg4 g6 27. f4 a3 28.
Nh6+ Kf8 29. f5 a2 30. Qg5 Be7 31. f6 Bd6 32. Nf5 gxf5 33. exf5 a1=Q 34. Qg7+
Ke8 35. Qg8+ Bf8 36. c5 Ra2 37. cxb6 Qb2 38. Qxf7+ 0-1

[Event "SR 3. liga A2 2018/2019"]
[Site "?"]
[Date "2018.10.21"]
[Round "2.3"]
[White "Dest, Stanislav"]
[Black "Hornak, Pavol"]
[Result "1-0"]
[WhiteElo "1527"]
[BlackElo "1729"]
[PlyCount "120"]
[EventDate "2018.??.??"]

1. d4 Nf6 2. c4 g6 3. Nc3 Bg7 4. Nf3 O-O 5. e3 b6 6. Be2 Bb7 7. O-O d5 8. cxd5
Nxd5 9. Bd2 Nd7 10. Rc1 N7f6 11. a3 Nxc3 12. Bxc3 Ne4 13. Bb4 a5 14. Be1 Rc8
15. Nd2 Nxd2 16. Bxd2 e5 17. dxe5 Bxe5 18. Bc3 Qg5 19. g3 Rfd8 20. Qc2 Bxc3 21.
Qxc3 Qd5 22. f3 Qd2 23. Rfe1 Qxc3 24. Rxc3 Rd2 25. b3 c5 26. e4 Rcd8 27. a4 Bc8
28. g4 Rb2 29. Rd1 Rxd1+ 30. Bxd1 Rb1 31. Rd3 Be6 32. Kf2 Kg7 33. Kg3 c4 34.
bxc4 Bxc4 35. Rd4 Bb3 36. Be2 Be6 37. Bb5 Rb4 38. Rd3 Bb3 39. Rd6 Bxa4 40. Bxa4
Rxa4 41. Rxb6 Ra1 42. Kf4 a4 43. Ra6 a3 44. h4 h6 45. g5 a2 46. Ke5 hxg5 47.
hxg5 Rf1 48. Rxa2 Rxf3 49. Ra6 Rg3 50. Kf4 Rg1 51. Rb6 Kf8 52. Ra6 Ke7 53. Rb6
Kd7 54. Ra6 Rh1 55. Rb6 Ra1 56. Ke5 Ke7 57. Rf6 Ra5+ 58. Kf4 Kd8 59. Rxf7 Ra6
60. Rf6 Ra7 1-0

[Event "SR 3. liga A2 2018/2019"]
[Site "?"]
[Date "2018.10.21"]
[Round "2.4"]
[White "Sturdik, Igor"]
[Black "Puskar, David"]
[Result "1/2-1/2"]
[WhiteElo "1973"]
[BlackElo "1818"]
[PlyCount "76"]
[EventDate "2018.??.??"]

1. e4 e6 2. d4 d5 3. Nc3 dxe4 4. Nxe4 Nd7 5. Nf3 Ngf6 6. Bg5 Be7 7. Nxf6+ Nxf6
8. Bd3 O-O 9. O-O b6 10. Bxf6 Bxf6 11. Be4 Rb8 12. c3 c5 13. Qc2 g6 14. Rad1
Qc7 15. dxc5 bxc5 16. b3 c4 17. b4 Bg7 18. Nd2 Bd7 19. Nb1 Rfd8 20. Rfe1 a5 21.
a3 Bf8 22. g3 Qa7 23. Kg2 axb4 24. axb4 h5 25. Qe2 Qc7 26. Rd4 Qb6 27. Red1 Bc6
28. Bxc6 Rxd4 29. Rxd4 Qxc6+ 30. f3 Qa4 31. Qxc4 Bg7 32. Rd2 Bh6 33. Ra2 Qd1
34. Na3 Be3 35. Qf1 Qb3 36. Qc4 Qd1 37. Qf1 Qb3 38. Qc4 Qd1 1/2-1/2

[Event "SR 3. liga A2 2018/2019"]
[Site "?"]
[Date "2018.10.21"]
[Round "2.4"]
[White "Holicky, Miroslav"]
[Black "Mosny, Jaroslav"]
[Result "1/2-1/2"]
[WhiteElo "1739"]
[BlackElo "1944"]
[PlyCount "92"]
[EventDate "2018.??.??"]

1. e4 e5 2. Nf3 d6 3. d4 exd4 4. Nxd4 Nf6 5. Nc3 Be7 6. Be2 O-O 7. O-O Nc6 8.
Bf4 Nxd4 9. Qxd4 Nd7 10. Nd5 Bf6 11. Nxf6+ Qxf6 12. Qxf6 Nxf6 13. f3 Be6 14. c4
Nd7 15. b4 b6 16. Rfc1 f6 17. a3 a5 18. Rd1 Ne5 19. c5 bxc5 20. bxc5 dxc5 21.
Bxe5 fxe5 22. Rac1 Bb3 23. Bc4+ Bxc4 24. Rxc4 Rfd8 25. Rd5 Rxd5 26. exd5 Kf7
27. Rxc5 Ra7 28. Kf2 Ke7 29. Rc6 Rb7 30. Ke3 Rb3+ 31. Ke4 Kd7 32. h4 Rxa3 33.
Kxe5 Ra2 34. g4 Rb2 35. Ra6 Rb5 36. h5 Ke7 37. g5 Rb3 38. f4 Rh3 39. Rxa5 Rxh5
40. Ra7 Kd8 41. Ke6 Kc8 42. d6 cxd6 43. Rxg7 d5 44. Kxd5 h6 45. Rh7 Rh4 46. Ke5
hxg5 1/2-1/2

[Event "SR 3. liga A2 2018/2019"]
[Site "?"]
[Date "2018.10.21"]
[Round "2.4"]
[White "Doucha, Ludvig"]
[Black "Babirat, Michal"]
[Result "0-1"]
[WhiteElo "1847"]
[BlackElo "1834"]
[PlyCount "142"]
[EventDate "2018.??.??"]

1. d4 Nf6 2. Bg5 e6 3. e4 h6 4. Bxf6 Qxf6 5. e5 Qd8 6. Bd3 c5 7. c3 Nc6 8. Nf3
Qb6 9. Qb3 Qxb3 10. axb3 cxd4 11. O-O dxc3 12. bxc3 d5 13. b4 b6 14. Na3 a6 15.
Nb5 Kd7 16. Ra2 Bb7 17. Rfa1 Be7 18. Nbd4 Nxd4 19. Nxd4 Rhc8 20. Ne2 b5 21. Ra3
Kc7 22. f4 Kb6 23. Kf2 Rc7 24. g3 Rac8 25. Ke3 g5 26. f5 exf5 27. Bxf5 Re8 28.
Kd2 Bf8 29. Nd4 Rxe5 30. Re1 Rxe1 31. Kxe1 Bg7 32. Ne2 Bc8 33. Bxc8 Rxc8 34.
Kd2 Rc4 35. Kd3 f5 36. Ra1 Rxb4 37. Rf1 Rc4 38. Rxf5 Rc5 39. Rf7 Rc7 40. Rf5
Rd7 41. Nd4 Bxd4 42. Kxd4 Kc6 43. Rf8 Rd6 44. g4 Re6 45. h3 Re4+ 46. Kd3 Rf4
47. Rg8 Rf3+ 48. Kd4 Rxh3 49. Rg6+ Kb7 50. Rf6 Rg3 51. Rxh6 Rxg4+ 52. Kd3 Rc4
53. Rd6 g4 54. Rxd5 Kb6 55. Rg5 Rf4 56. Rg6+ Ka5 57. Kc2 b4 58. cxb4+ Rxb4 59.
Kc3 Kb5 60. Kc2 a5 61. Rg5+ Ka4 62. Kc1 Rf4 63. Kd2 Kb4 64. Kc2 a4 65. Kb2 Rf2+
66. Kb1 Rf4 67. Rg8 Kc3 68. Rd8 g3 69. Rg8 Rf3 70. Ka2 Kd2 71. Rg4 a3 0-1

[Event "SR 3. liga A2 2018/2019"]
[Site "?"]
[Date "2018.10.21"]
[Round "2.4"]
[White "Ganzova, Veronika"]
[Black "Bahna, Jan"]
[Result "0-1"]
[WhiteElo "1605"]
[BlackElo "1820"]
[PlyCount "110"]
[EventDate "2018.??.??"]

1. e4 e5 2. Nf3 Nc6 3. Bc4 Bc5 4. c3 Nf6 5. d3 O-O 6. O-O Be7 7. Re1 d6 8. Nbd2
Na5 9. Bb5 c6 10. Ba4 b5 11. Bc2 c5 12. b4 Nc6 13. Rb1 cxb4 14. cxb4 Be6 15. a3
h6 16. Nf1 Qc7 17. Bb2 Rac8 18. Bb3 Qd7 19. d4 exd4 20. Bxd4 Ng4 21. Bb2 Rfd8
22. Ne3 Nxe3 23. Rxe3 Bxb3 24. Qxb3 Qe6 25. Qd3 a6 26. Nd4 Nxd4 27. Qxd4 Bf6
28. Qd1 Rc4 29. Bxf6 Qxf6 30. Rc1 Rdc8 31. Rxc4 Rxc4 32. h3 Qe5 33. f3 Kf8 34.
Rd3 Ke7 35. Qd2 g5 36. Qd1 h5 37. Qd2 h4 38. Rd5 Qf4 39. Kf2 Qg3+ 40. Kg1 f6
41. Rd3 Qe5 42. Rd5 Qa1+ 43. Kf2 Qc1 44. Qxc1 Rxc1 45. Ke3 Ra1 46. Rd3 Ra2 47.
Rc3 Kd7 48. f4 gxf4+ 49. Kf3 Ke6 50. Rd3 f5 51. exf5+ Kxf5 52. Rd5+ Ke6 53. Rd3
Ke5 54. Kg4 Rxg2+ 55. Kxh4 d5 0-1

[Event "SR 3. liga A2 2018/2019"]
[Site "?"]
[Date "2018.10.21"]
[Round "2.4"]
[White "Krist, Milan"]
[Black "Ganz, Marek"]
[Result "0-1"]
[WhiteElo "1803"]
[BlackElo "1652"]
[PlyCount "146"]
[EventDate "2018.??.??"]

1. d4 d5 2. c4 e6 3. Nc3 Nf6 4. Bg5 Be7 5. e3 Nbd7 6. Nf3 c6 7. Bd3 h6 8. Bh4
Qc7 9. O-O b6 10. Rc1 O-O 11. cxd5 exd5 12. Bb1 Re8 13. Qc2 Bd6 14. Nb5 Qb8 15.
Nxd6 Qxd6 16. Qxc6 Qxc6 17. Rxc6 Ba6 18. Rfc1 Bb5 19. R6c3 Ne4 20. Rc7 Nb8 21.
Rc8 Nc6 22. Rxa8 Rxa8 23. h3 f6 24. a3 Ne7 25. Ba2 Rd8 26. Rc7 Nc6 27. Bb1 Nd6
28. Bg3 Ne8 29. Rb7 Ba6 30. Rc7 Nxc7 31. Bxc7 Rd7 32. Bg3 Na5 33. Bf5 Rd8 34.
Bc7 Re8 35. Nd2 Kf7 36. Bg4 g6 37. Bf3 Ke6 38. e4 dxe4 39. Bxe4 f5 40. Bf3 Kd7
41. Bf4 g5 42. Be5 Nc6 43. Bxc6+ Kxc6 44. f4 Kd5 45. fxg5 hxg5 46. Kf2 Rc8 47.
Bf6 g4 48. hxg4 fxg4 49. Kg3 Rc2 50. Bg5 Kxd4 51. Kxg4 Be2+ 52. Nf3+ Ke4 53.
Bf6 Rc8 54. Kg3 Rf8 55. Be7 Rg8+ 56. Kf2 Bb5 57. Bb4 Bc6 58. Bc3 Bb7 59. Ne1
Rf8+ 60. Kg3 Ke3 61. Nc2+ Kd3 62. Ne1+ Ke2 63. Kh4 Rf1 64. Nc2 Bxg2 65. Kg3 Be4
66. Nd4+ Kd3 67. Nb5 Rf7 68. Nd4 Kc4 69. Ne2 Rf3+ 70. Kg4 Re3 71. Nd4 Bd5 72.
Nf5 Rxc3 73. bxc3 Be6 0-1

[Event "SR 3. liga A2 2018/2019"]
[Site "?"]
[Date "2018.10.21"]
[Round "2.4"]
[White "Benkovsky, Peter"]
[Black "Klanica, Anton"]
[Result "1/2-1/2"]
[WhiteElo "1672"]
[BlackElo "1772"]
[PlyCount "89"]
[EventDate "2018.??.??"]

1. d4 Nf6 2. c4 e5 3. dxe5 Ng4 4. Nf3 Nc6 5. a3 Ngxe5 6. Nxe5 Nxe5 7. e3 Be7 8.
Nc3 O-O 9. b3 d6 10. Nd5 Be6 11. Bb2 Bxd5 12. cxd5 Nd7 13. Bd3 Bf6 14. Bxf6
Nxf6 15. O-O Re8 16. Rc1 Re7 17. a4 Re5 18. Bc4 a6 19. Qc2 Rc8 20. Rfd1 h6 21.
Rd4 Qe7 22. Rcd1 Re4 23. Rxe4 Qxe4 24. Qxe4 Nxe4 25. f3 Nf6 26. Kf2 Kf8 27. g4
Ke7 28. Rd4 Kd7 29. Bd3 Re8 30. h4 Re5 31. e4 Re8 32. Rb4 Kc8 33. Kg3 g5 34. h5
Nd7 35. Kf2 Nb6 36. a5 Nd7 37. Rd4 Rd8 38. b4 Kb8 39. Ke3 Ka7 40. Rc4 Kb8 41.
Be2 Rc8 42. Rc3 f6 43. Kd4 Ka7 44. Ke3 Ne5 45. b5 1/2-1/2

[Event "SR 3. liga A2 2018/2019"]
[Site "?"]
[Date "2018.10.21"]
[Round "2.4"]
[White "Suchan, Jozef"]
[Black "Nemcovic, Peter"]
[Result "1/2-1/2"]
[WhiteElo "1764"]
[BlackElo "1622"]
[PlyCount "80"]
[EventDate "2018.??.??"]

1. d4 Nf6 2. c4 c5 3. e3 cxd4 4. exd4 g6 5. Nf3 Bg7 6. Be2 d5 7. O-O O-O 8. b3
Nc6 9. Bb2 Bf5 10. Nc3 Rc8 11. Rc1 Ne4 12. Nxd5 e6 13. Ne3 Qa5 14. a3 Bh6 15.
b4 Qc7 16. b5 Ne7 17. Nxf5 Nxf5 18. Rc2 Rfd8 19. Bd3 Ng5 20. Bxf5 Nxf3+ 21.
Qxf3 gxf5 22. Rd1 Bg7 23. Qb3 Qf4 24. Qe3 Qg4 25. f3 Qg6 26. Qb3 b6 27. c5 bxc5
28. Rxc5 Rxc5 29. dxc5 Rxd1+ 30. Qxd1 Bxb2 31. c6 Be5 32. Qd8+ Kg7 33. c7 f4
34. c8=Q Qb1+ 35. Kf2 Qb2+ 36. Ke1 Bc3+ 37. Kd1 Qb1+ 38. Ke2 Qc2+ 39. Kf1 Qc1+
40. Ke2 Qc2+ 1/2-1/2

[Event "SR 3. liga A2 2018/2019"]
[Site "?"]
[Date "2018.10.21"]
[Round "2.4"]
[White "Slezak, Vladimir"]
[Black "Jancik, Ondrej"]
[Result "1-0"]
[WhiteElo "1499"]
[BlackElo "1637"]
[PlyCount "67"]
[EventDate "2018.??.??"]

1. d4 Nf6 2. Nc3 d5 3. Nf3 g6 4. Bf4 a6 5. e3 Bg7 6. Bd3 Nc6 7. Ne5 O-O 8. Nxc6
bxc6 9. Qe2 Nd7 10. Na4 c5 11. dxc5 e5 12. Bg3 e4 13. Bxe4 dxe4 14. Rd1 c6 15.
Nb6 Ra7 16. Qc4 Re8 17. b4 Qf6 18. O-O Ne5 19. Qxe4 Bf5 20. Bxe5 Qxe5 21. Qxc6
Rae7 22. Qa4 Qe4 23. Nd5 Rd7 24. f3 Qe6 25. e4 Rxd5 26. Rxd5 Bxe4 27. fxe4 Qxe4
28. Rd3 Bd4+ 29. Rxd4 Qe3+ 30. Kh1 Qe2 31. Rdd1 Re5 32. Qd7 Qc4 33. Qd8+ Kg7
34. Qf6+ 1-0

[Event "SR 3. liga A2 2018/2019"]
[Site "?"]
[Date "2018.10.21"]
[Round "2.5"]
[White "Blaho, Stefan"]
[Black "Pericka, Tomas"]
[Result "1-0"]
[WhiteElo "2043"]
[BlackElo "1943"]
[PlyCount "37"]
[EventDate "2018.??.??"]

1. d4 g6 2. Nf3 Bg7 3. Bf4 c5 4. e3 Nc6 5. c3 d6 6. dxc5 dxc5 7. Qxd8+ Kxd8 8.
Ng5 e5 9. Nxf7+ Ke7 10. Nxh8 exf4 11. Nxg6+ hxg6 12. exf4 Nb4 13. Na3 Nd5 14.
Bc4 Ngf6 15. O-O-O Be6 16. Rhe1 Kf7 17. Nb5 Rh8 18. Nd6+ Ke7 19. Nxb7 1-0

[Event "SR 3. liga A2 2018/2019"]
[Site "?"]
[Date "2018.10.21"]
[Round "2.5"]
[White "Hrdlicka, Martin"]
[Black "Minarik, Jozef"]
[Result "0-1"]
[WhiteElo "1545"]
[BlackElo "1475"]
[PlyCount "48"]
[EventDate "2018.??.??"]

1. e4 c5 2. Nf3 d6 3. d4 cxd4 4. Nxd4 Nc6 5. Nc3 Nf6 6. Bc4 g6 7. O-O Bg7 8. f3
O-O 9. Be3 a6 10. Qd2 Re8 11. Kh1 Qc7 12. Nd5 Nxd5 13. Bxd5 e6 14. Bc4 Nxd4 15.
Bxd4 Qxc4 16. Bxg7 Kxg7 17. Qxd6 Qc6 18. Qd4+ Kg8 19. f4 b5 20. Rf3 Bb7 21. Re1
Rad8 22. Qf6 Qxe4 23. Ref1 Qf5 24. Qxf5 exf5 0-1

[Event "SR 3. liga A2 2018/2019"]
[Site "?"]
[Date "2018.10.21"]
[Round "2.5"]
[White "Skapik, Branislav"]
[Black "Matis, Tibor"]
[Result "1/2-1/2"]
[WhiteElo "1780"]
[BlackElo "1810"]
[PlyCount "46"]
[EventDate "2018.??.??"]

1. Nf3 g6 2. g3 Bg7 3. Bg2 d5 4. d4 c6 5. O-O Nf6 6. c3 O-O 7. Nbd2 Nbd7 8. Re1
Re8 9. b4 h6 10. h4 Ne4 11. Nxe4 dxe4 12. Nh2 f5 13. f3 exf3 14. exf3 e5 15.
dxe5 Nxe5 16. Bf4 Bd7 17. Bxe5 Bxe5 18. f4 Bg7 19. Qb3+ Kh7 20. Nf3 Qb6+ 21.
Kh2 Rad8 22. Ne5 Be6 23. Qc2 Bxe5 1/2-1/2

[Event "SR 3. liga A2 2018/2019"]
[Site "?"]
[Date "2018.10.21"]
[Round "2.5"]
[White "Mezes, Kristof"]
[Black "Spacek, Marcel"]
[Result "0-1"]
[WhiteElo "1623"]
[BlackElo "1793"]
[PlyCount "92"]
[EventDate "2018.??.??"]

1. d4 g6 2. c4 Bg7 3. Nc3 d6 4. Nf3 f5 5. e3 Nf6 6. Be2 O-O 7. O-O Qe8 8. b4 e5
9. Qb3 Kh8 10. c5 e4 11. Nd2 Be6 12. Bc4 d5 13. Nxd5 Nxd5 14. Bxd5 Bxd5 15.
Qxd5 Nc6 16. Qc4 a6 17. a4 f4 18. h3 f3 19. g3 Qd7 20. Kh2 Rae8 21. Rb1 Rf5 22.
Rg1 Rh5 23. Qf1 Qe6 24. b5 axb5 25. axb5 Ne7 26. Ra1 Nd5 27. Bb2 Nf6 28. Rh1
Rd8 29. Ra7 Kg8 30. Rxb7 Rdd5 31. Kg1 Bh6 32. Rxc7 Rdg5 33. Nc4 Nd5 34. Rc6 Qf5
35. b6 Rxg3+ 36. fxg3 Nxe3 37. Nxe3 Bxe3+ 38. Kh2 Bf4 39. Bc1 Bxc1 40. b7 Bf4
41. Rc8+ Kg7 42. b8=Q Bxb8 43. Rxb8 e3 44. Qb5 Qc2+ 45. Qe2 Qxe2+ 46. Kg1 Qf2#
0-1

[Event "SR 3. liga A2 2018/2019"]
[Site "?"]
[Date "2018.10.21"]
[Round "2.5"]
[White "Sadlon, Juraj"]
[Black "Bugar, Peter"]
[Result "0-1"]
[WhiteElo "1909"]
[BlackElo "1979"]
[PlyCount "76"]
[EventDate "2018.??.??"]

1. e4 e6 2. d4 d5 3. exd5 exd5 4. Bd3 c5 5. dxc5 Bxc5 6. Nf3 Nf6 7. O-O O-O 8.
h3 Qc7 9. Nbd2 Qg3 10. Nh2 Bxh3 11. Qf3 Qxf3 12. Ndxf3 Be6 13. c3 Nc6 14. Re1
h6 15. Be3 Bxe3 16. Rxe3 Rfe8 17. Rae1 Bd7 18. Ne5 Nxe5 19. Rxe5 Rxe5 20. Rxe5
Re8 21. Rxe8+ Nxe8 22. Nf3 Nd6 23. Nd4 Kf8 24. Kf1 Ke7 25. Ke2 Nc4 26. b3 Ne5
27. Bc2 a6 28. Nf5+ Kf6 29. Nd6 b6 30. f4 Ng6 31. g3 Ne7 32. Bd3 Ke6 33. Nb7
Nc6 34. Bxa6 Nb8 35. Nd8+ Ke7 36. Bb7 Kxd8 37. Bxd5 Ke7 38. Kd3 Bc6 0-1

[Event "SR 3. liga A2 2018/2019"]
[Site "?"]
[Date "2018.10.21"]
[Round "2.5"]
[White "Nemeckay, Rastislav"]
[Black "Cibulka, Vladimir"]
[Result "1/2-1/2"]
[WhiteElo "1950"]
[BlackElo "2137"]
[PlyCount "99"]
[EventDate "2018.??.??"]

1. e4 Nf6 2. e5 Nd5 3. d4 d6 4. exd6 cxd6 5. Nf3 g6 6. Bd3 Bg7 7. O-O O-O 8.
Re1 Nc6 9. c3 e5 10. dxe5 dxe5 11. Be4 Nde7 12. Na3 Qxd1 13. Rxd1 h6 14. Be3
Bf5 15. Bxf5 Nxf5 16. Bc5 Rfd8 17. Nb5 b6 18. Ba3 e4 19. Ne1 Be5 20. g4 Nh4 21.
Nd6 f5 22. h3 Rd7 23. Nc4 Rad8 24. Ne3 Kf7 25. Rxd7+ Rxd7 26. Rd1 Rxd1 27. Nxd1
Bf4 28. Ne3 Ke6 29. Kf1 Bxe3 30. fxe3 fxg4 31. hxg4 Ne5 32. Kf2 Nxg4+ 33. Kg3
Nf3 34. Nxf3 exf3 35. Kxf3 Ne5+ 36. Ke4 h5 37. b3 g5 38. Bb2 g4 39. c4 Ng6 40.
Bc3 Nh4 41. Be5 Ng2 42. Bb8 a6 43. Bc7 b5 44. cxb5 axb5 45. a4 bxa4 46. bxa4
Kd7 47. Bb8 Kc8 48. Bd6 Kb7 49. Kf5 Nxe3+ 50. Kg5 1/2-1/2

[Event "SR 3. liga A2 2018/2019"]
[Site "?"]
[Date "2018.10.21"]
[Round "2.5"]
[White "Takacs, Laszlo"]
[Black "Spacek, Oliver"]
[Result "1-0"]
[WhiteElo "2245"]
[BlackElo "2236"]
[PlyCount "60"]
[EventDate "2018.??.??"]

1. e4 c5 2. Nf3 a6 3. c3 d5 4. exd5 Nf6 5. d4 cxd4 6. cxd4 Nxd5 7. Nc3 e6 8.
Bd3 Nc6 9. O-O Be7 10. Be3 O-O 11. Rc1 f5 12. Nxd5 exd5 13. Ne5 Nxe5 14. dxe5
Be6 15. Bd4 g5 16. Qh5 Rf7 17. Qh6 Qd7 18. Rc2 Re8 19. Rfc1 Bd8 20. Qh5 Qa4 21.
Bc5 Qxa2 22. b4 Qa4 23. Bd6 Qd7 24. b5 a5 25. b6 Bxb6 26. Rb1 Qa4 27. Qe2 f4
28. Bb5 f3 29. gxf3 Qd4 30. Bxe8 Rf4 1-0

[Event "SR 3. liga A2 2018/2019"]
[Site "?"]
[Date "2018.10.21"]
[Round "2.6"]
[White "Nemsak, Denis"]
[Black "Kozinka, Roman"]
[Result "1/2-1/2"]
[WhiteElo "1994"]
[BlackElo "1993"]
[PlyCount "35"]
[EventDate "2018.??.??"]

1. c4 e5 2. Nc3 Nf6 3. g3 Bb4 4. Bg2 O-O 5. Nf3 Re8 6. O-O h6 7. d4 e4 8. Nd2
Bxc3 9. bxc3 d6 10. e3 c5 11. a4 Nc6 12. Qc2 Bf5 13. Ba3 b6 14. Nb3 Qd7 15.
Rfd1 Bh3 16. dxc5 Bxg2 17. Kxg2 Qg4 18. Rxd6 1/2-1/2

[Event "SR 3. liga A2 2018/2019"]
[Site "?"]
[Date "2018.10.21"]
[Round "2.6"]
[White "Slaba, Andrea"]
[Black "Brunovsky, Peter"]
[Result "1/2-1/2"]
[WhiteElo "1932"]
[BlackElo "1839"]
[PlyCount "155"]
[EventDate "2018.??.??"]

1. b3 Nf6 2. Bb2 g6 3. e3 Bg7 4. Nf3 O-O 5. d4 d5 6. Be2 Nbd7 7. O-O Ne4 8.
Nbd2 Ndf6 9. c4 c6 10. Nxe4 Nxe4 11. Bd3 Bg4 12. Be2 e6 13. h3 Bxf3 14. Bxf3
Ng5 15. Be2 f5 16. cxd5 exd5 17. b4 a5 18. Ba3 axb4 19. Bxb4 Rf7 20. Qc2 Ne4
21. Rab1 Bf8 22. Be1 Bd6 23. g3 Ra3 24. Rb3 Qa8 25. Rxa3 Qxa3 26. Kg2 Rf8 27.
f3 Nf6 28. Bd2 Ra8 29. Ra1 Bf8 30. Bc1 Qa7 31. Bb2 Bh6 32. Bc1 Qa5 33. Kf2 Ra7
34. a4 Qc7 35. Bd2 Nh5 36. f4 Nf6 37. Bb4 Ne4+ 38. Kf3 Bf8 39. Be1 Kf7 40. Qb3
b5 41. a5 Ke6 42. g4 Be7 43. Bd3 Nd6 44. gxf5+ gxf5 45. Qc2 Bf6 46. Rc1 Ra6 47.
Bb4 Qf7 48. Bxd6 Qh5+ 49. Kg2 Kxd6 50. Bxf5 Kc7 51. Bg4 Qg6 52. f5 Qe8 53. Qc3
h5 54. Bf3 Qg8+ 55. Kh2 Be7 56. Rg1 Bd6+ 57. Kh1 Qf7 58. e4 dxe4 59. Bxe4 Qa2
60. Bg2 Qxa5 61. Qb3 Qa3 62. Qf7+ Kb6 63. Qg6 Qg3 64. Qxg3 Bxg3 65. Rc1 Kb7 66.
Bf3 Bf2 67. d5 cxd5 68. Bxd5+ Kb8 69. Kg2 Bd4 70. Rb1 Rb6 71. Be6 Kc7 72. Kf3
Kd6 73. Ke4 Bf6 74. Rd1+ Ke7 75. Rd7+ Ke8 76. Rd3 b4 77. Rb3 Ke7 78. Kf4
1/2-1/2

[Event "SR 3. liga A2 2018/2019"]
[Site "?"]
[Date "2018.10.21"]
[Round "2.6"]
[White "Danada, Ondrej"]
[Black "Lopatievov, Alexander"]
[Result "1-0"]
[WhiteElo "1832"]
[BlackElo "1834"]
[PlyCount "95"]
[EventDate "2018.??.??"]

1. e4 d5 2. exd5 Qxd5 3. Nc3 Qd8 4. Bc4 Nf6 5. Qf3 e6 6. Qg3 Qd6 7. Nf3 c6 8.
d4 Qxg3 9. hxg3 Nbd7 10. Bf4 b5 11. Bd3 a6 12. O-O-O Bb7 13. Rh4 h6 14. g4 Be7
15. g5 Nd5 16. Nxd5 cxd5 17. Rh5 O-O-O 18. gxh6 gxh6 19. Rxh6 Rxh6 20. Bxh6 Rg8
21. g3 Rh8 22. Bf4 f6 23. Re1 Nf8 24. Kd2 Kd7 25. c3 Bd6 26. Bxd6 Kxd6 27. b4
Bc6 28. a4 Nd7 29. axb5 axb5 30. Ra1 e5 31. Nh4 e4 32. Be2 Kc7 33. Ra5 Rb8 34.
Nf5 Nb6 35. Ra7+ Rb7 36. Rxb7+ Kxb7 37. Nd6+ Ka6 38. f3 exf3 39. Bxf3 Nd7 40.
Ke3 Nb6 41. Kf4 Bd7 42. Bg4 Bxg4 43. Kxg4 Na4 44. Kf5 Nxc3 45. Kxf6 Ne2 46. g4
Nxd4 47. g5 Nc2 48. g6 1-0

[Event "SR 3. liga A2 2018/2019"]
[Site "?"]
[Date "2018.10.21"]
[Round "2.6"]
[White "Kramar, Matus"]
[Black "Kubis, Ivan"]
[Result "1/2-1/2"]
[WhiteElo "1657"]
[BlackElo "1907"]
[PlyCount "47"]
[EventDate "2018.??.??"]

1. e4 e5 2. Nf3 Nc6 3. Bc4 Nf6 4. d3 Be7 5. O-O O-O 6. Re1 d6 7. h3 Na5 8. Bb3
Nxb3 9. axb3 b6 10. c4 Bb7 11. Nc3 Qd7 12. d4 exd4 13. Nxd4 Rfe8 14. f3 a5 15.
Nf5 Bd8 16. Bf4 Nh5 17. Bh2 g6 18. Ng3 Ng7 19. e5 f5 20. exd6 Bh4 21. Rxe8+
Rxe8 22. Nge2 Qe6 23. Qd2 cxd6 24. Rd1 1/2-1/2

[Event "SR 3. liga A2 2018/2019"]
[Site "?"]
[Date "2018.10.21"]
[Round "2.6"]
[White "Takacs, Zsolt"]
[Black "Rau, Vladimir"]
[Result "1-0"]
[WhiteElo "1760"]
[BlackElo "1677"]
[PlyCount "81"]
[EventDate "2018.??.??"]

1. e4 c6 2. d4 d5 3. exd5 cxd5 4. Nf3 Nf6 5. Bb5+ Bd7 6. Bxd7+ Nbxd7 7. O-O e6
8. b3 Be7 9. Qd3 O-O 10. c4 dxc4 11. bxc4 Rc8 12. Re1 Bb4 13. Bd2 Bxd2 14.
Nbxd2 Qc7 15. a4 Rfd8 16. Qb3 a5 17. Rab1 b6 18. h3 h6 19. Rb2 Qf4 20. Qe3 Qxe3
21. fxe3 Rb8 22. Reb1 Rbc8 23. Rb5 Kh7 24. Rc1 Ra8 25. c5 bxc5 26. dxc5 Nd5 27.
c6 N7f6 28. Nc4 Rac8 29. Nfe5 Kg8 30. Rxa5 Ne4 31. Ra7 f6 32. Nf7 Ra8 33. Nxd8
Rxa7 34. Nxe6 Nec3 35. Rxc3 Nxc3 36. c7 Ra8 37. Nb6 Re8 38. a5 Nb5 39. c8=Q
Rxc8 40. Nxc8 Kf7 41. Nc5 1-0

[Event "SR 3. liga A2 2018/2019"]
[Site "?"]
[Date "2018.10.21"]
[Round "2.6"]
[White "Longauer, Jan"]
[Black "Zajicek, Ferdinand"]
[Result "1-0"]
[WhiteElo "1707"]
[BlackElo "1754"]
[PlyCount "55"]
[EventDate "2018.??.??"]

1. e4 c5 2. Nf3 Nc6 3. Bb5 Qb6 4. Nc3 a6 5. Ba4 Qd8 6. Bxc6 bxc6 7. O-O d6 8.
e5 g6 9. exd6 exd6 10. Re1+ Be6 11. d4 Bg7 12. Ne4 Nf6 13. Neg5 cxd4 14. Nxd4
Kd7 15. Ndxe6 fxe6 16. Nf7 Qe7 17. Nxh8 Rxh8 18. Qe2 Ra8 19. Bd2 Nd5 20. c4 Nc7
21. Rad1 Rb8 22. b3 c5 23. Be3 Bc3 24. Bxc5 Bxe1 25. Bxd6 Bxf2+ 26. Qxf2 Qe8
27. Qa7 Qc8 28. Bxc7+ 1-0